000 00293nam a22001337a 4500
008 170214b xxu||||| |||| 00| 0 eng d
020 _a0721628591
041 _aeng
080 _228ed
_a61
100 _a4
101 _ashm
245 _aDORLAND MEDICAL DICTIONARY
_cANDERSON
942 _2udc
_cBK
999 _c5339
_d5339